<?xml version="1.0" encoding="UTF-8"?>
<record
    xmlns:xsi="http://www.w3.org/2001/XMLSchema-instance"
    xsi:schemaLocation="http://www.loc.gov/MARC21/slim http://www.loc.gov/standards/marcxml/schema/MARC21slim.xsd"
    xmlns="http://www.loc.gov/MARC21/slim">

  <leader>01205nam a2200313Ia 4500</leader>
  <controlfield tag="001">Z_6330</controlfield>
  <controlfield tag="003">OSt</controlfield>
  <controlfield tag="005">20221110124334.0</controlfield>
  <controlfield tag="008">220601s9999    xx            000 0 und d</controlfield>
  <datafield tag="040" ind1=" " ind2=" ">
    <subfield code="a">CHAP</subfield>
  </datafield>
  <datafield tag="082" ind1=" " ind2=" ">
    <subfield code="a">636.9322 C66</subfield>
  </datafield>
  <datafield tag="111" ind1=" " ind2=" ">
    <subfield code="a">S.A.G. Direcci&#xF3;n General de Avicultura y Especies Menosre. Programa Nacional de Cunicultura</subfield>
    <subfield code="9">144469</subfield>
  </datafield>
  <datafield tag="245" ind1=" " ind2=" ">
    <subfield code="a">Compendio b&#xE1;sico de cunicultura / S.A.G. Direcci&#xF3;n General de Avicultura y Especies Menosre. Programa Nacional de Cunicultura</subfield>
  </datafield>
  <datafield tag="260" ind1=" " ind2=" ">
    <subfield code="a">M&#xE9;xico : S.A.G. Direcci&#xF3;n General de Avicultura y Especies Menosre. Programa Nacional de Cunicultura</subfield>
  </datafield>
  <datafield tag="300" ind1=" " ind2=" ">
    <subfield code="a">165 p.</subfield>
  </datafield>
  <datafield tag="500" ind1=" " ind2=" ">
    <subfield code="a">P&#xE1;ginas faltantes: 75-76</subfield>
  </datafield>
  <datafield tag="503" ind1=" " ind2=" ">
    <subfield code="a">ej.1: s/n</subfield>
  </datafield>
  <datafield tag="650" ind1=" " ind2=" ">
    <subfield code="a">1. Cunicultura </subfield>
    <subfield code="9">154716</subfield>
  </datafield>
  <datafield tag="650" ind1=" " ind2=" ">
    <subfield code="a">Conejos - Alojamiento </subfield>
  </datafield>
  <datafield tag="650" ind1=" " ind2=" ">
    <subfield code="a">Conejos - Alimentos y alimentaci&#xF3;n </subfield>
  </datafield>
  <datafield tag="650" ind1=" " ind2=" ">
    <subfield code="a">Conejos - Reproducci&#xF3;n </subfield>
  </datafield>
  <datafield tag="650" ind1=" " ind2=" ">
    <subfield code="a">Conejos - Enfermedades </subfield>
  </datafield>
  <datafield tag="650" ind1=" " ind2=" ">
    <subfield code="a">Conejos - Razas</subfield>
  </datafield>
  <datafield tag="711" ind1=" " ind2=" ">
    <subfield code="a">S.A.G. Direcci&#xF3;n General de Avicultura y Especies Menosre. Programa Nacional de Cunicultura &#xCC;</subfield>
    <subfield code="9">183533</subfield>
  </datafield>
  <datafield tag="901" ind1=" " ind2=" ">
    <subfield code="a">636.9322 C66</subfield>
  </datafield>
  <datafield tag="902" ind1=" " ind2=" ">
    <subfield code="a">M</subfield>
  </datafield>
  <datafield tag="905" ind1=" " ind2=" ">
    <subfield code="a">5232271974                          mx an  8215113311spa16</subfield>
  </datafield>
  <datafield tag="942" ind1=" " ind2=" ">
    <subfield code="c">1</subfield>
    <subfield code="2">ddc</subfield>
  </datafield>
  <datafield tag="999" ind1=" " ind2=" ">
    <subfield code="c">217116</subfield>
    <subfield code="d">217116</subfield>
  </datafield>
  <datafield tag="952" ind1=" " ind2=" ">
    <subfield code="0">0</subfield>
    <subfield code="1">0</subfield>
    <subfield code="2">ddc</subfield>
    <subfield code="4">1</subfield>
    <subfield code="5">1</subfield>
    <subfield code="7">0</subfield>
    <subfield code="8">GRAL</subfield>
    <subfield code="a">Z</subfield>
    <subfield code="b">Z</subfield>
    <subfield code="d">2013-04-05</subfield>
    <subfield code="l">0</subfield>
    <subfield code="o">636.9322 C66</subfield>
    <subfield code="p">z_6048</subfield>
    <subfield code="r">2022-06-02 00:00:00</subfield>
    <subfield code="t">1</subfield>
    <subfield code="w">2022-06-02</subfield>
    <subfield code="y">LIBRO</subfield>
  </datafield>
</record>
